| 000 | 00989cam a22002413a 4500 | ||
|---|---|---|---|
| 001 | 31006 | ||
| 003 | PGUSA | ||
| 005 | 20140828083654.0 | ||
| 008 | 100118s2010||||xxu|||||s|||||000 | eng d | ||
| 040 |
_aPGUSA _beng |
||
| 042 | _adc | ||
| 050 | 4 | _aZ | |
| 100 | 1 |
_aSaunders, Frederick, _d1807-1902 |
|
| 245 | 1 | 4 |
_aThe Author's Printing and Publishing Assistant : _bComprising Explanations of the Process of Printing; Preparation and Calculation of Manuscripts; Choice of Paper, Type, Binding, Illustrations, Publishing, Advertising, &c.; with an Exemplification and Description of the Typographical Marks Used in the Correction of the Press _h[electronic resource] / _cFrederick Saunders |
| 260 |
_bProject Gutenberg, _c2010 |
||
| 506 | _aPublic domain in the USA. | ||
| 516 | _aElectronic text | ||
| 653 | _aPrinting -- Style manuals | ||
| 653 | _aAuthorship -- Style manuals | ||
| 830 | 0 |
_aProject Gutenberg _v31006 |
|
| 856 | 4 | 0 | _uhttp://www.gutenberg.org/ebooks/31006 |
| 942 | _cEB | ||
| 999 |
_c260261 _d260261 |
||